000 00705nac a22002051u 4500
010 _a 62047837
035 _a(OCoLC)2451890
082 _a306.44954910
_bD6491
090 _c2992
_d2992
100 _aDjebar, Assia,
245 1 0 _aWomen of Islam,
_cPhotos: Magnum. Translated by Jean MacGibbon.
260 _a[London]
_bA. Deutsch
_c[1961]
300 _a47 p.
_bplates.
_c18 cm.
490 0 _a(A Bruna book)
500 _aDonations.
500 _aDonations - Dr. Mostafa Gouda.
650 0 _aMuslim women.
942 _cBB
_k306.44954910D6491
999 _c2992
_d2992